Propaganda: the formation of men's attitudes / (Record no. 19642)

MARC details
000 -LEADER
fixed length control field 00875cam a2200277 4500
001 - CONTROL NUMBER
control field 4078084
003 - CONTROL NUMBER IDENTIFIER
control field BDDh-ASL
005 - DATE AND TIME OF LATEST TRANSACTION
control field 20231015025807.0
008 - FIXED-LENGTH DATA ELEMENTS--GENERAL INFORMATION
fixed length control field 720824t19731965nyu b 000 0 eng
010 ## - LIBRARY OF CONGRESS CONTROL NUMBER
LC control number 72008053
020 ## - INTERNATIONAL STANDARD BOOK NUMBER
International Standard Book Number 0394718747
040 ## - CATALOGING SOURCE
Original cataloging agency DLC
Transcribing agency DLC
Modifying agency BDDh-ASL
041 1# - LANGUAGE CODE
Language code of text/sound track or separate title engfre
050 10 - LIBRARY OF CONGRESS CALL NUMBER
Classification number HM263
Item number .E413 1973
082 00 - DEWEY DECIMAL CLASSIFICATION NUMBER
Classification number 301.154
Item number ELP
100 1# - MAIN ENTRY--PERSONAL NAME
Personal name Ellul, Jacques,
Dates associated with a name 1912-1994.
240 10 - UNIFORM TITLE
Uniform title Propagandes.
Language of a work English
245 00 - TITLE STATEMENT
Title Propaganda: the formation of men's attitudes /
Statement of responsibility, etc. Translated from the French by Konrad Kellen and Jean Lerner. With an introd. by Konrad Kellen.
260 ## - PUBLICATION, DISTRIBUTION, ETC.
Place of publication, distribution, etc. New York :
Name of publisher, distributor, etc. Vintage Books,
Date of publication, distribution, etc. [1973, c1965]
300 ## - PHYSICAL DESCRIPTION
Extent xxii, 320, vii p. :
Dimensions 19 cm.
350 ## - PRICE (NR) (BK AM CF MU VM SE) [OBSOLETE]
Price $2.45
504 ## - BIBLIOGRAPHY, ETC. NOTE
Bibliography, etc. note Bibliography: p. [315]-320.
650 #0 - SUBJECT ADDED ENTRY--TOPICAL TERM
Topical term or geographic name entry element Propaganda.
906 ## - LOCAL DATA ELEMENT F, LDF (RLIN)
a 7
b cbc
c orignew
d 1
e ocip
f 19
g y-gencatlg
942 ## - ADDED ENTRY ELEMENTS (KOHA)
Source of classification or shelving scheme Dewey Decimal Classification
Koha item type Books
Holdings
Withdrawn status Lost status Source of classification or shelving scheme Damaged status Not for loan Collection code Home library Current library Shelving location Date acquired Source of acquisition Total Checkouts Full call number Barcode Date last seen Copy number Price effective from Koha item type Public note
    Dewey Decimal Classification   Not For Loan Non-fiction Asiatic Society Library Asiatic Society Library Ludden Collection 12/14/2020 Donated by Prof. David Ludden   301.154 ELP 103009 12/14/2020 C-1 12/14/2020 Books RARE

Powered by Koha